Symplectic Effective Order Partitioned Runge - Kutta Methods (Record no. 525325)

000 -LEADER
fixed length control field 00553nam a22001937a 4500
003 - CONTROL NUMBER IDENTIFIER
control field NUST
005 - DATE AND TIME OF LATEST TRANSACTION
control field 20230126142743.0
008 - FIXED-LENGTH DATA ELEMENTS--GENERAL INFORMATION
fixed length control field 190701b ||||| |||| 00| 0 eng d
038 ## - RECORD CONTENT LICENSOR
Staff Name Mr. Zahoor
082 ## - DEWEY DECIMAL CLASSIFICATION NUMBER
Classification number 510
100 ## - MAIN ENTRY--PERSONAL NAME
Personal name Arif, Azqa
9 (RLIN) 16138
245 ## - TITLE STATEMENT
Title Symplectic Effective Order Partitioned Runge - Kutta Methods
Statement of responsibility, etc. Azqa Arif
260 ## - PUBLICATION, DISTRIBUTION, ETC.
Place of publication, distribution, etc. Islamabad :
Name of publisher, distributor, etc. SNS - NUST
Date of publication, distribution, etc. 2018.
300 ## - PHYSICAL DESCRIPTION
Extent vi, 63 p.: ill, ;
Dimensions 30cm.
500 ## - GENERAL NOTE
General note Hardcover.
650 ## - SUBJECT ADDED ENTRY--TOPICAL TERM
Topical term or geographic name entry element Mathematics - MS Thesis
9 (RLIN) 16139
700 ## - ADDED ENTRY--PERSONAL NAME
Personal name Dr. Yousaf Habib
9 (RLIN) 16140
942 ## - ADDED ENTRY ELEMENTS (KOHA)
Source of classification or shelving scheme
Koha item type Thesis
Holdings
Withdrawn status Lost status Source of classification or shelving scheme Damaged status Not for loan Permanent Location Current Location Shelving location Date acquired Total Checkouts Full call number Barcode Date last seen Price effective from Koha item type
          Central Library (CL) Central Library (CL) Thesis 07/01/2019   510 CL-T-1902 07/03/2019 07/01/2019 Thesis
© 2023 Central Library, National University of Sciences and Technology. All Rights Reserved.